000 00520cam a22002051 4500
001 sa 68015569
003 DLC
005 20260227112644.0
008 890929s1968 ii 000 1 tamo
010 _asa 68015569
035 _a(OCoLC)20413888
040 _aDLC
_cWaU
_dDLC
050 0 0 _aPL4758.4
_b.K3
100 1 _aKailācapati, Ka.
_q(Kan̲akacapāpati),
_d1933-1982.
245 1 0 _aTamil̲ nāval ilakkiyam.
260 _c[1968]
300 _a284 p.
_c18 cm.
500 _aIn Tamil.
650 0 _aTamil fiction.
999 _c86526
_d86526